| 000 | 00723nam a2200193 a 4500 | ||
|---|---|---|---|
| 001 | 4246 | ||
| 003 | CDMR | ||
| 005 | 20160512171306.0 | ||
| 008 | 130130s1996||||||||||||||||||||||||||||d | ||
| 040 |
_aCDMR _bcat _cCDMR |
||
| 110 | 1 |
_94391 _aConsell de la Informació de Catalunya |
|
| 245 | 0 |
_aConsejo de la Información de Catalunya _b: ente comisionado para velar por el cumplimiento y observancia del Código Deontológico de la profesión periodística en Catalunya |
|
| 260 |
_aBarcelona _c1996 _bCol.legi de Periodistes de Catalunya |
||
| 300 |
_a[8] f ; _c30 cm |
||
| 610 | 0 | 4 |
_94391 _aConsell de la Informació de Catalunya |
| 650 | 0 | 4 |
_9983 _aÈtica periodística |
| 650 | 0 | 4 |
_9419 _aCodis deontològics |
| 942 |
_cMON _2udc |
||
| 999 |
_c4246 _d4246 |
||